000 00437nam a2200181Ia 4500
001 23672
005 20260414150953.0
008 260414t2012||||xx |||||||||||||| ||spa||
041 _aESP
082 _a690.02
_bR35
100 _aEmpresa Editora Macro
_eAUT
245 0 _aReglamento nacional de edificaciones
_b
260 _c2012
300 _a660 páginas ::
_c25 cm.
650 _a0
654 _aCIC
942 _cLIB
_dJUS
_fJUS
_2ddc
_n
999 _c23672
_d23672